Xóchitl : de vender gelatinas a buscar la presidencia de México /

保存先:
書誌詳細
第一著者: Lindero, Scarlett (autor)
フォーマット: 図書
言語:スペイン語
出版事項: México : Planeta, 2023, c2023
主題:
タグ: タグ追加
タグなし, このレコードへの初めてのタグを付けませんか!

MARC

LEADER 00000nam^a2200000^a^4500
001 000578184
005 20250521000000.0
009 20260310132504.135
020 |a 978-607-39-0625-8 
037 |a Acervo ITESO - Biblioteca 
041 |a ESP 
082 |a 320. 9720714  |b LIN 
100 |a Lindero, Scarlett  |e (autor) 
245 1 0 |a Xóchitl :  |b de vender gelatinas a buscar la presidencia de México /  |c S. Lindero. 
264 4 |a México :  |b Planeta,  |c 2023, c2023 
300 |a 192 p. 
336 |a texto  |b txt  |2 rdacontenido 
337 |a sin mediación  |b n  |2 rdamedio 
338 |a volumen  |b nc  |2 rdasoporte 
521 |a FIL 2023 DIA 
649 |a XX 
650 |a Candidatos Políticos Mexicanos -  |x Biografías 
650 |a Senadores Mexicanos -  |x Biografías 
650 |a Legisladores Mexicanos -  |x Biografías 
650 |a Alcaldes Mexicanos -  |x Biografías 
650 |a Políticos Mexicanos -  |x Biografías 
650 |a Mujeres Mexicanas -  |x Biografías 
650 |a Poder Legislativo -  |z México -  |x Historia -  |y 2018-2024 
650 |a Poder Legislativo -  |z México -  |x Historia -  |y Siglo XXI 
650 |a Elecciones -  |z México -  |x Historia -  |y 2018-2024 
650 |a Elecciones -  |z México -  |x Historia -  |y Siglo XXI 
650 |a Política Indigenista -  |z México -  |x Historia -  |y 2000-2006 
650 |a Política Indigenista -  |z México -  |x Historia -  |y Siglo XXI 
650 |a Política Municipal -  |z Miguel Hidalgo, México (D.F.) (Delegación) -  |x Historia -  |y 2012-2018 
650 |a Política Municipal -  |z Miguel Hidalgo, México (D.F.) (Delegación) -  |x Historia -  |y Siglo XXI 
650 |a Política -  |z México (D.F.) -  |x Historia -  |y 2012-2018 
650 |a Política -  |z México (D.F.) -  |x Historia -  |y Siglo XXI 
650 |a México -  |x Condiciones Políticas 
650 |a Política -  |z México -  |x Historia -  |y 2018-2024 
650 |a Política -  |z México -  |x Historia -  |y Siglo XXI 
650 |a Gálvez, Xóchitl -  |x Tema Principal 
910 |a Fondo General 
920 |a Impresos - Libros 
930 |a Colección General 
905 |a 101 
901 |a 0500403193  |b IT1  |c ACC  |i C184190  |u 20250521 
902 |a https://opac.biblio.iteso.mx/vufind/Record/000578184